| 000 | 00572nam a2200229 a 4500 | ||
|---|---|---|---|
| 001 | nice12345678 | ||
| 003 | IN_TiNIC | ||
| 005 | 20260116011911.0 | ||
| 008 | 050524s1971 bana grp 000 0 tel | ||
| 020 |
_a _c5 |
||
| 082 | 0 | 0 |
_a232.9 _bUBS |
| 245 | _aNavaloka Nirmata, the Man You Cannot Ignore | ||
| 260 |
_aBangalore _bBible Society of India _c1971 |
||
| 300 | _a111p | ||
| 500 | _aincludes index and biblioraphy | ||
| 505 | 2 | _aill | |
| 650 | _aJesus Christ-Biography | ||
| 710 | 2 | _aUnited Bible Society | |
| 902 | _bSRS | ||
| 942 | _cBK | ||
| 999 |
_c4814 _d4814 |
||